000 00373pab a2200157 454500
008 180718b1973 xxu||||| |||| 00| 0 eng d
100 _aSinha, S.P.
245 _aPlanned change in tribal areas
260 _c1973
300 _ap.363-377.
362 _aJul-Sep
650 _aTribes
773 _aIndian Journal of Public Administration
908 _aN
909 _a99928
999 _c99927
_d99927